Equipes en Ligue des Champions 25/26 - Statistiques

Statistiques générales
  • Ce quiz a été pris 89 fois
  • Le résultat moyen est 18 sur 36
Statistiques - réponses
Pays Equipe % Correct
France Paris Saint-Germain
86%
Espagne Real Madrid
82%
Espagne FC Barcelone
80%
Angleterre Arsenal
79%
Angleterre Manchester City
76%
Pays-Bas Ajax Amsterdam
74%
Allemagne Bayern Münich
74%
Italie Inter Milan
72%
Angleterre Chelsea
67%
Angleterre Liverpool
67%
France Marseille
67%
France Monaco
67%
Espagne Atlético Madrid
63%
Norvège Bodo/Glimt
53%
Allemagne Borussia Dortmund
53%
Turquie Galatasaray
51%
Allemagne Bayer Leverkusen
50%
Italie Juventus Turin
47%
Italie Napoli
47%
Espagne Villarreal
47%
Italie Atalanta
46%
Chypre Pafos
45%
Portugal Benfica Lisbonne
43%
Pays-Bas PSV Eindhoven
41%
Azerbaïdjan Qarabag
37%
Angleterre Newcastle United
36%
Angleterre Tottenham Hotspur
36%
Belgique Union Saint-Gilloise
36%
Kazakhstan Kairat Almaty
34%
République Tchèque Slavia Prague
34%
Danemark Copenhague
33%
Belgique Club Brugge
29%
Espagne Athletic Club
25%
Grèce Olympiacos
16%
Allemagne Eintracht Frankfurt
12%
Portugal Sporting CP
11%
Aucun quiz correspondant
Distribution des résultats
% des personnes avec chaque résultat
Percentile par nombre de réponses
Votre historique - résultats
Vous n’avez pas pris ce quiz